000 00576nam a2200217Ia 4500
003 OSt
005 20220918192827.0
006 a|||||r|||| 00| 0
007 ta
008 220917b |||||||| |||| 00| 0 eng d
024 _a70,553
037 _cTextual
040 _aARTS
_cARTS
_beng
041 _2eng
_aeng
082 _aR39(S), K5
100 _aEdie James M ed
_980345
245 0 _aInvitation to phenomenology
_b studies in the philosophy of experience
260 _c1965
942 _hR39(S), K5
_cTEXL
_2CC
999 _c196650
_d196650